[Event "Silkway Cup"]
[Site "T#646345FIDE"]
[Date "2020.05.28"]
[Round "13"]
[White "Lukiano"]
[Black "VugarAsadli"]
[Result "1-0"]
[WhiteElo "2644"]
[BlackElo "2125"]
[PlyCount "63"]
[EventDate "2020.05.28"]
[EventType "swiss (blitz)"]

1. e4 {[%emt 0:00:02]} e5 {[%emt 0:00:03]} 2. Nc3 {[%emt 0:00:06]} Nc6 {[%emt 0:00:04]} 3. Bc4 {[%emt 0:00:02]} Nf6 {[%emt 0:00:07]} 4. d3 {[%emt 0:00:01]} Bb4 {[%emt 0:00:00]} 5. Nge2 {[%emt 0:00:06]} d5 {[%emt 0:00:02]} 6. exd5 {[%emt 0:00:01]} Nxd5 {[%emt 0:00:00]} 7. O-O {[%emt 0:00:01]} Bxc3 {[%emt 0:00:03]} 8. bxc3 {[%emt 0:00:00]} O-O {[%emt 0:00:17]} 9. Bxd5 {[%emt 0:00:04]} Qxd5 {[%emt 0:00:01]} 10. c4 {[%emt 0:00:01]} Qd6 {[%emt 0:00:08]} 11. h3 {[%emt 0:00:01]} Re8 {[%emt 0:00:07]} 12. Ng3 {[%emt 0:00:22]} b6 {[%emt 0:00:23]} 13. Kh2 {[%emt 0:00:03]} Bb7 {[%emt 0:00:16]} 14. f4 {[%emt 0:00:01]} Rad8 {[%emt 0:00:03]} 15. Qg4 {[%emt 0:00:22]} Qg6 {[%emt 0:00:07]} 16. Qh4 {[%emt 0:00:02]} f6 {[%emt 0:00:07]} 17. fxe5 {[%emt 0:00:30]} Nxe5 {[%emt 0:00:12]} 18. Bb2 {[%emt 0:00:05]} c5 {[%emt 0:00:04]} 19. Rae1 {[%emt 0:00:02]} Nf7 {[%emt 0:00:15]} 20. Qf4 {[%emt 0:00:26]} h5 {[%emt 0:00:08]} 21. Rxe8+ {[%emt 0:00:21]} Rxe8 {[%emt 0:00:01]} 22. Rf2 {[%emt 0:00:01]} Ng5 {[%emt 0:00:24]} 23. Nf5 {[%emt 0:00:05]} Ne6 {[%emt 0:00:05]} 24. Qd6 {[%emt 0:00:05]} Kh7 {[%emt 0:00:07]} 25. Qd7 {[%emt 0:00:05]} Ba8 {[%emt 0:00:11]} 26. Nd6 {[%emt 0:00:11]} h4 {[%emt 0:00:18]} 27. Nxe8 {[%emt 0:00:06]} Qg3+ {[%emt 0:00:01]} 28. Kg1 {[%emt 0:00:01]} Bxg2 {[%emt 0:00:03]} 29. Nxf6+ {[%emt 0:00:07]} Kh6 {[%emt 0:00:01]} 30. Ng4+ {[%emt 0:00:04]} Kh7 {[%emt 0:00:01]} 31. Rxg2 {[%emt 0:00:05]} Qe1+ {[%emt 0:00:01]} 32. Kh2 {[%emt 0:00:01] VugarAsadli resigns (Lag: Av=0.28s, max=0.4s)} 1-0

[Event "Silkway Cup"]
[Site "T#646345FIDE"]
[Date "2020.05.28"]
[Round "13"]
[White "EXpresident"]
[Black "GGuseinov"]
[Result "1/2-1/2"]
[WhiteElo "2608"]
[BlackElo "2858"]
[Annotator "TA"]
[PlyCount "44"]
[EventDate "2020.05.28"]
[EventType "swiss (blitz)"]

{[%evp 18,44,35,41,36,4,2,-111,75,60,58,72,64,64,69,33,8,20,54,60,71,15,23,0,50,0,16,0,66]} 1. e4 c5 2. Nf3 g6 3. d4 cxd4 4. Nxd4 Nc6 5. c4 Nf6 6. Nc3 Nxd4 7. Qxd4 d6 8. Be3 Bg7 9. f3 O-O 10. Qd2 Be6 {B36: Sicilian: Maroczy Bind: Gurgenidze System.} 11. Bd3 Rc8 12. b3 {[#]} (12. Nd5 $11 {keeps the balance.}) 12... b5 $146 (12... d5 $1 $17 {[%cal Rd5d4][%mdl 512] keeps the pressure on. ...d4 is the strong threat.} 13. Be2 (13. Nxd5 Bxd5) 13... dxc4 14. bxc4 Qxd2+ 15. Bxd2 Bxc4 16. Bxc4 Rxc4) ({Predecessor:} 12... d5 13. exd5 Nxd5 14. Nxd5 Bxa1 15. Nc3 Qa5 16. Nb5 Qxb5 17. cxb5 Bc3 18. Be4 Bxd2+ 19. Kxd2 {0-1 (58) Grieve,H (2355)-Willow,J (2386) chess.com INT 2020}) 13. Nxb5 $16 Nxe4 $1 14. Bxe4 {aiming for Rd1.} Bxa1 15. Nxa7 Rc7 16. Bb6 {Hoping for Nb5.} (16. O-O $5 {[%cal Rf1a1]} Be5 17. f4 $16) 16... Qb8 17. Bxc7 Qxc7 18. Nb5 Qc5 19. Qf2 (19. Ke2 $16 Bg7 20. a4) 19... Qb4+ $1 $11 20. Qd2 Qc5 21. Qf2 (21. Ke2 $5 {[%cal Rh1a1]} Bf6 22. a4 $14) 21... Qb4+ $1 22. Qd2 Qc5 {Accuracy: White = 33%, Black = 80%.} 1/2-1/2

[Event "Silkway Cup"]
[Site "T#646345FIDE"]
[Date "2020.05.28"]
[Round "13"]
[White "AbasovN"]
[Black "Rasulov Vugar"]
[Result "1-0"]
[WhiteElo "2602"]
[BlackElo "2380"]
[PlyCount "239"]
[EventDate "2020.05.28"]
[EventType "swiss (blitz)"]

1. e4 {[%emt 0:00:01]} c5 {[%emt 0:00:02]} 2. Nf3 {[%emt 0:00:01]} e6 {[%emt 0:00:01]} 3. g3 {[%emt 0:00:04]} Nc6 {[%emt 0:00:04]} 4. Bg2 {[%emt 0:00:01]} d6 {[%emt 0:00:05]} 5. O-O {[%emt 0:00:01]} Nf6 {[%emt 0:00:01]} 6. Re1 {[%emt 0:00:01]} Be7 {[%emt 0:00:01]} 7. b3 {[%emt 0:00:02]} O-O {[%emt 0:00:02]} 8. Bb2 {[%emt 0:00:01]} e5 {[%emt 0:00:04]} 9. c3 {[%emt 0:00:02]} Bg4 {[%emt 0:00:05]} 10. h3 {[%emt 0:00:03]} Bh5 {[%emt 0:00:02]} 11. Na3 {[%emt 0:00:15]} Re8 {[%emt 0:00:02]} 12. Nc2 {[%emt 0:00:04]} Bf8 {[%emt 0:00:01]} 13. c4 {[%emt 0:00:16]} Nd4 {[%emt 0:00:09]} 14. Ncxd4 {[%emt 0:00:02]} cxd4 {[%emt 0:00:04]} 15. d3 {[%emt 0:00:01]} Nd7 {[%emt 0:00:05]} 16. Qd2 {[%emt 0:00:02]} a6 {[%emt 0:00:06]} 17. b4 {[%emt 0:00:13]} b5 {[%emt 0:00:05]} 18. Rec1 {[%emt 0:00:05]} bxc4 {[%emt 0:00:13]} 19. dxc4 {[%emt 0:00:00]} Be7 {[%emt 0:00:09]} 20. h4 {[%emt 0:00:03]} Bg6 {[%emt 0:00:05]} 21. Ne1 {[%emt 0:00:03]} Rc8 {[%emt 0:00:12]} 22. Nd3 {[%emt 0:00:04]} Nb6 {[%emt 0:00:03] Rasulov Vugar beraberlik teklif ediyor} 23. Qe2 {[%emt 0:00:13]} h6 {[%emt 0:00:21]} 24. c5 {[%emt 0:00:06]} Na4 {[%emt 0:00:04]} 25. Qc2 {[%emt 0:00:02]} Nxb2 {[%emt 0:00:05]} 26. Qxb2 {[%emt 0:00:00]} f5 {[%emt 0:00:09]} 27. Qe2 {[%emt 0:00:07]} a5 {[%emt 0:00:12]} 28. a3 {[%emt 0:00:04]} Kh8 {[%emt 0:00:05]} 29. c6 {[%emt 0:00:09]} axb4 {[%emt 0:00:01]} 30. Nxb4 {[%emt 0:00:02]} Bxh4 {[%emt 0:00:29]} 31. gxh4 {[%emt 0:00:11]} Qxh4 {[%emt 0:00:00]} 32. Re1 {[%emt 0:00:16]} Rf8 {[%emt 0:00:06]} 33. exf5 {[%emt 0:00:18]} Bxf5 {[%emt 0:00:00]} 34. a4 {[%emt 0:00:06]} e4 {[%emt 0:00:06]} 35. Ra3 {[%emt 0:00:05]} d5 {[%emt 0:00:13]} 36. Rg3 {[%emt 0:00:03]} Be6 {[%emt 0:00:05]} 37. Bxe4 {[%emt 0:00:06]} dxe4 {[%emt 0:00:03]} 38. Qxe4 {[%emt 0:00:00]} Qf6 {[%emt 0:00:06]} 39. Rg2 {[%emt 0:00:12]} Bh3 {[%emt 0:00:07]} 40. Rh2 {[%emt 0:00:06]} Qg5+ {[%emt 0:00:01]} 41. Kh1 {[%emt 0:00:01]} Bg4 {[%emt 0:00:01]} 42. Rg2 {[%emt 0:00:07]} Qh5+ {[%emt 0:00:05]} 43. Kg1 {[%emt 0:00:03]} Bf3 {[%emt 0:00:04]} 44. Qe5 {[%emt 0:00:02]} Qxe5 {[%emt 0:00:01]} 45. Rxe5 {[%emt 0:00:00]} Bxg2 {[%emt 0:00:03]} 46. Kxg2 {[%emt 0:00:00]} Rfd8 {[%emt 0:00:04]} 47. Kf1 {[%emt 0:00:06]} d3 {[%emt 0:00:01]} 48. Ke1 {[%emt 0:00:03]} Rd4 {[%emt 0:00:01]} 49. Rb5 {[%emt 0:00:05]} d2+ {[%emt 0:00:05]} 50. Kd1 {[%emt 0:00:01]} Re8 {[%emt 0:00:07]} 51. Nc2 {[%emt 0:00:01]} Rxa4 {[%emt 0:00:02]} 52. Rc5 {[%emt 0:00:05]} Raa8 {[%emt 0:00:04]} 53. Kxd2 {[%emt 0:00:01]} Kg8 {[%emt 0:00:04]} 54. Nd4 {[%emt 0:00:02]} Red8 {[%emt 0:00:03]} 55. Kc3 {[%emt 0:00:07]} Rac8 {[%emt 0:00:03]} 56. c7 {[%emt 0:00:06]} Rd7 {[%emt 0:00:01]} 57. Nb5 {[%emt 0:00:01]} Kf8 {[%emt 0:00:03]} 58. Kb4 {[%emt 0:00:01]} Ke7 {[%emt 0:00:01]} 59. Ka5 {[%emt 0:00:00]} h5 {[%emt 0:00:09]} 60. Kb6 {[%emt 0:00:00]} g6 {[%emt 0:00:01]} 61. Kb7 {[%emt 0:00:04]} Rcxc7+ {[%emt 0:00:01]} 62. Nxc7 {[%emt 0:00:02]} Rd2 {[%emt 0:00:02]} 63. f4 {[%emt 0:00:03]} Rf2 {[%emt 0:00:02]} 64. Re5+ {[%emt 0:00:06]} Kf7 {[%emt 0:00:01]} 65. Nd5 {[%emt 0:00:01]} Kg7 {[%emt 0:00:03]} 66. Kc6 {[%emt 0:00:08]} h4 {[%emt 0:00:01]} 67. Re7+ {[%emt 0:00:00]} Kh6 {[%emt 0:00:01]} 68. Re8 {[%emt 0:00:00]} Kg7 {[%emt 0:00:02]} 69. Re7+ {[%emt 0:00:01]} Kh6 {[%emt 0:00:01]} 70. Kd6 {[%emt 0:00:01]} h3 {[%emt 0:00:02]} 71. Re3 {[%emt 0:00:01]} h2 {[%emt 0:00:04]} 72. Rh3+ {[%emt 0:00:01]} Kg7 {[%emt 0:00:00]} 73. Ke5 {[%emt 0:00:01]} Re2+ {[%emt 0:00:02]} 74. Kd4 {[%emt 0:00:01]} Kf7 {[%emt 0:00:01]} 75. Kd3 {[%emt 0:00:03]} Ra2 {[%emt 0:00:01]} 76. Ke4 {[%emt 0:00:01]} Ke6 {[%emt 0:00:02]} 77. Ne3 {[%emt 0:00:01]} Kf6 {[%emt 0:00:06]} 78. Rxh2 {[%emt 0:00:04]} Ra4+ {[%emt 0:00:04]} 79. Kf3 {[%emt 0:00:01]} Ra3 {[%emt 0:00:01]} 80. Rg2 {[%emt 0:00:03]} Rb3 {[%emt 0:00:01]} 81. Rg5 {[%emt 0:00:01]} Ra3 {[%emt 0:00:01]} 82. Re5 {[%emt 0:00:01]} Rb3 {[%emt 0:00:02]} 83. Kg4 {[%emt 0:00:02]} Rb1 {[%emt 0:00:01]} 84. Nd5+ {[%emt 0:00:01]} Kg7 {[%emt 0:00:01]} 85. Re7+ {[%emt 0:00:01]} Kh6 {[%emt 0:00:05]} 86. Nf6 {[%emt 0:00:04]} Rg1+ {[%emt 0:00:01]} 87. Kf3 {[%emt 0:00:00]} g5 {[%emt 0:00:05]} 88. Ng4+ {[%emt 0:00:08]} Kg6 {[%emt 0:00:05]} 89. Re6+ {[%emt 0:00:06]} Kf7 {[%emt 0:00:01]} 90. Rf6+ {[%emt 0:00:07]} Kg7 {[%emt 0:00:01]} 91. fxg5 {[%emt 0:00:00]} Rf1+ {[%emt 0:00:02]} 92. Nf2 {[%emt 0:00:02]} Rg1 {[%emt 0:00:02]} 93. Kf4 {[%emt 0:00:05]} Rf1 {[%emt 0:00:02]} 94. Kg3 {[%emt 0:00:15]} Rg1+ {[%emt 0:00:01]} 95. Kh4 {[%emt 0:00:00]} Rf1 {[%emt 0:00:02]} 96. Ng4 {[%emt 0:00:07]} Rh1+ {[%emt 0:00:02]} 97. Kg3 {[%emt 0:00:00]} Rg1+ {[%emt 0:00:00]} 98. Kh3 {[%emt 0:00:01]} Rh1+ {[%emt 0:00:02]} 99. Kg3 {[%emt 0:00:07] .} Rg1+ {[%emt 0:00:01]} 100. Kf4 {[%emt 0:00:00]} Rf1+ {[%emt 0:00:02]} 101. Ke5 {[%emt 0:00:01]} Rg1 {[%emt 0:00:02]} 102. Ne3 {[%emt 0:00:01]} Rxg5+ {[%emt 0:00:03]} 103. Nf5+ {[%emt 0:00:00]} Kg8 {[%emt 0:00:03]} 104. Rb6 {[%emt 0:00:01]} Rg1 {[%emt 0:00:04]} 105. Kf6 {[%emt 0:00:01]} Rf1 {[%emt 0:00:01]} 106. Rb8+ {[%emt 0:00:03]} Kh7 {[%emt 0:00:01]} 107. Rb3 {[%emt 0:00:00]} Kg8 {[%emt 0:00:04]} 108. Rh3 {[%emt 0:00:01]} Rf2 {[%emt 0:00:02]} 109. Rh5 {[%emt 0:00:05]} Rf1 {[%emt 0:00:02]} 110. Rg5+ {[%emt 0:00:00]} Kf8 {[%emt 0:00:03]} 111. Rg2 {[%emt 0:00:05]} Ke8 {[%emt 0:00:01]} 112. Rd2 {[%emt 0:00:02]} Rf3 {[%emt 0:00:04]} 113. Ke6 {[%emt 0:00:02]} Rf1 {[%emt 0:00:01]} 114. Re2 {[%emt 0:00:05]} Kf8 {[%emt 0:00:02]} 115. Nd6 {[%emt 0:00:02]} Kg7 {[%emt 0:00:05]} 116. Ne8+ {[%emt 0:00:02]} Kf8 {[%emt 0:00:02]} 117. Nf6 {[%emt 0:00:01]} Kg7 {[%emt 0:00:04]} 118. Rg2+ {[%emt 0:00:02]} Kh6 {[%emt 0:00:01]} 119. Kf7 {[%emt 0:00:02]} Rg1 {[%emt 0:00:04]} 120. Ng8+ {[%emt 0:00:01] Rasulov Vugar terk eder (Lag: Av=1.17s, max=14.6s)} 1-0

[Event "Silkway Cup"]
[Site "T#646345FIDE"]
[Date "2020.05.28"]
[Round "13"]
[White "Massapi"]
[Black "Kranke07"]
[Result "1/2-1/2"]
[WhiteElo "2520"]
[BlackElo "2129"]
[Annotator "NA"]
[PlyCount "119"]
[EventDate "2020.05.28"]
[EventType "swiss (blitz)"]

1. d4 {[%emt 0:00:02]} Nf6 {[%emt 0:00:02]} 2. c4 {[%emt 0:00:01]} g6 {[%emt 0:00:01]} 3. g3 {[%emt 0:00:01]} Bg7 {[%emt 0:00:01]} 4. Bg2 {[%emt 0:00:01]} O-O {[%emt 0:00:01]} 5. Nc3 {[%emt 0:00:02]} d6 {[%emt 0:00:00]} 6. Nf3 {[%emt 0:00:01]} Nc6 {[%emt 0:00:01]} 7. O-O {[%emt 0:00:02]} a6 {[%emt 0:00:01]} 8. Bf4 {[%emt 0:00:02]} Rb8 {[%emt 0:00:01]} 9. Rc1 {[%emt 0:00:02]} Bg4 {[%emt 0:00:01]} 10. d5 {[%emt 0:00:11]} Na7 {[%emt 0:00:12]} 11. h3 {[%emt 0:00:37]} Bxf3 {[%emt 0:00:02]} 12. Bxf3 {[%emt 0:00:02]} Nd7 {[%emt 0:00:09]} 13. e4 {[%emt 0:00:14]} c5 {[%emt 0:00:02]} 14. Be2 {[%emt 0:00:42]} b5 {[%emt 0:00:05]} 15. b3 {[%emt 0:00:02]} bxc4 {[%emt 0:00:08]} 16. bxc4 {[%emt 0:00:05]} Qa5 {[%emt 0:00:02]} 17. Qc2 {[%emt 0:00:18]} Qa3 {[%emt 0:00:08]} 18. Nb1 {[%emt 0:00:14]} Qb2 {[%emt 0:00:14]} 19. Bd2 {[%emt 0:00:18]} Rb7 {[%emt 0:00:24]} 20. Bc3 {[%emt 0:00:05]} Bxc3 {[%emt 0:00:01]} 21. Nxc3 {[%emt 0:00:01]} Rfb8 {[%emt 0:00:01]} 22. f4 {[%emt 0:00:22]} Nc8 {[%emt 0:00:15]} 23. Kf2 {[%emt 0:00:09]} Qa3 {[%emt 0:00:03]} 24. Rb1 {[%emt 0:00:02]} Nf6 {[%emt 0:00:19]} 25. Rxb7 {[%emt 0:00:05]} Rxb7 {[%emt 0:00:00]} 26. Rb1 {[%emt 0:00:02]} Rb4 {[%emt 0:00:08]} 27. Rb3 {[%emt 0:00:01]} Qa5 {[%emt 0:00:15]} 28. Bd3 {[%emt 0:00:02]} Nb6 {[%emt 0:00:03]} 29. a3 {[%emt 0:00:05]} Rxb3 {[%emt 0:00:05]} 30. Qxb3 {[%emt 0:00:00]} Nbd7 {[%emt 0:00:04]} 31. g4 {[%emt 0:00:02]} Kg7 {[%emt 0:00:03]} 32. Be2 {[%emt 0:00:02]} h6 {[%emt 0:00:15]} 33. h4 {[%emt 0:00:08]} g5 {[%emt 0:00:08]} 34. fxg5 {[%emt 0:00:01]} hxg5 {[%emt 0:00:00]} 35. hxg5 {[%emt 0:00:01]} Nh7 {[%emt 0:00:01]} 36. Qb2 {[%emt 0:00:03]} Ne5 {[%emt 0:00:02]} 37. Nd1 {[%emt 0:00:01]} Nxg5 {[%emt 0:00:03]} 38. Ne3 {[%emt 0:00:05]} Nxe4+ {[%emt 0:00:03]} 39. Kf1 {[%emt 0:00:02]} Qc3 {[%emt 0:00:13]} 40. Nf5+ {[%emt 0:00:03]} Kf6 {[%emt 0:00:03]} 41. Qb8 {[%emt 0:00:01]} Qh3+ {[%emt 0:00:06]} 42. Ke1 {[%emt 0:00:02]} Qh1+ {[%emt 0:00:09]} 43. Bf1 {[%emt 0:00:01]} Nf3+ {[%emt 0:00:02]} 44. Ke2 {[%emt 0:00:02]} Qh2+ {[%emt 0:00:04]} 45. Kxf3 {[%emt 0:00:03]} Nd2+ {[%emt 0:00:01]} 46. Ke3 {[%emt 0:00:01]} Nxf1+ {[%emt 0:00:01]} 47. Kd3 {[%emt 0:00:01]} Qd2+ {[%emt 0:00:02]} 48. Ke4 {[%emt 0:00:01]} Qe2+ {[%emt 0:00:06]} 49. Kf4 {[%emt 0:00:02]} Qxc4+ {[%emt 0:00:10]} 50. Kf3 {[%emt 0:00:02]} Nd2+ {[%emt 0:00:03]} 51. Ke3 {[%emt 0:00:01]} Nf1+ {[%emt 0:00:02]} 52. Kf2 {[%emt 0:00:01]} Qf4+ {[%emt 0:00:01]} 53. Ke1 {[%emt 0:00:01]} Qc1+ {[%emt 0:00:04]} 54. Ke2 {[%emt 0:00:02]} Ke5 {[%emt 0:00:05]} 55. Qh8+ {[%emt 0:00:03]} f6 {[%emt 0:00:03]} 56. Qh7 {[%emt 0:00:02]} Qc4+ {[%emt 0:00:07]} 57. Ke1 {[%emt 0:00:03]} Qc1+ {[%emt 0:00:02]} 58. Ke2 {[%emt 0:00:01]} Qc4+ {[%emt 0:00:01]} 59. Ke1 {[%emt 0:00:01]} Qc1+ {[%emt 0:00:05]} 60. Ke2 {[%emt 0:00:01] (Lag: Av=0.42s, max=0.8s)} 1/2-1/2

[Event "Silkway Cup"]
[Site "T#646345FIDE"]
[Date "2020.05.28"]
[Round "13"]
[White "muradli mahammad"]
[Black "S-melia"]
[Result "1-0"]
[WhiteElo "2416"]
[BlackElo "1683"]
[PlyCount "63"]
[EventDate "2020.05.28"]
[EventType "swiss (blitz)"]

1. d4 {[%emt 0:00:02]} Nf6 {[%emt 0:00:02]} 2. c4 {[%emt 0:00:01]} e6 {[%emt 0:00:01]} 3. Nf3 {[%emt 0:00:01]} d5 {[%emt 0:00:02]} 4. Nc3 {[%emt 0:00:01]} c5 {[%emt 0:00:02]} 5. cxd5 {[%emt 0:00:03]} Nxd5 {[%emt 0:00:02]} 6. e4 {[%emt 0:00:01]} Nxc3 {[%emt 0:00:01]} 7. bxc3 {[%emt 0:00:00]} cxd4 {[%emt 0:00:00]} 8. cxd4 {[%emt 0:00:00]} Bb4+ {[%emt 0:00:01]} 9. Bd2 {[%emt 0:00:00]} Bxd2+ {[%emt 0:00:00]} 10. Qxd2 {[%emt 0:00:00]} O-O {[%emt 0:00:01]} 11. Bc4 {[%emt 0:00:00]} Nd7 {[%emt 0:00:01]} 12. O-O {[%emt 0:00:01]} b6 {[%emt 0:00:01]} 13. Rad1 {[%emt 0:00:04]} Bb7 {[%emt 0:00:01]} 14. Rfe1 {[%emt 0:00:01]} Rc8 {[%emt 0:00:04]} 15. Bb3 {[%emt 0:00:14]} Re8 {[%emt 0:00:02]} 16. Qf4 {[%emt 0:00:12]} Qc7 {[%emt 0:00:02]} 17. e5 {[%emt 0:00:10]} Nf8 {[%emt 0:00:02]} 18. h4 {[%emt 0:00:03] muradli mahammad reconnected. muradli mahammad reconnected.} Qe7 {[%emt 0:00:35]} 19. h5 {[%emt 0:00:06]} h6 {[%emt 0:00:01]} 20. Nd2 {[%emt 0:00:18]} Qg5 {[%emt 0:00:09]} 21. Qxg5 {[%emt 0:00:01]} hxg5 {[%emt 0:00:02]} 22. Nc4 {[%emt 0:00:00] muradli mahammad reconnected. muradli mahammad reconnected.} Red8 {[%emt 0:00:55]} 23. Nd6 {[%emt 0:00:02]} Rc7 {[%emt 0:00:02]} 24. Rc1 {[%emt 0:00:08]} Rdd7 {[%emt 0:00:46]} 25. Ba4 {[%emt 0:00:01]} Re7 {[%emt 0:00:01]} 26. Ne8 {[%emt 0:00:31]} Rxc1 {[%emt 0:00:10]} 27. Rxc1 {[%emt 0:00:00]} a6 {[%emt 0:00:34]} 28. Nd6 {[%emt 0:00:01]} b5 {[%emt 0:00:13]} 29. Bb3 {[%emt 0:00:01]} Bd5 {[%emt 0:00:06]} 30. Bxd5 {[%emt 0:00:02]} exd5 {[%emt 0:00:00]} 31. Rc8 {[%emt 0:00:00]} f6 {[%emt 0:00:03]} 32. Nf5 {[%emt 0:00:11] Time (Lag: Av=0.46s, max=0.6s)} 1-0

[Event "Silkway Cup"]
[Site "T#646345FIDE"]
[Date "2020.05.28"]
[Round "13"]
[White "GIGA QUPARADZE"]
[Black "Ka ch"]
[Result "1-0"]
[WhiteElo "2324"]
[BlackElo "2295"]
[PlyCount "127"]
[EventDate "2020.05.28"]
[EventType "swiss (blitz)"]

1. e4 {[%emt 0:00:02]} d6 {[%emt 0:00:01]} 2. d4 {[%emt 0:00:02]} Nf6 {[%emt 0:00:00]} 3. Nc3 {[%emt 0:00:01]} e5 {[%emt 0:00:00]} 4. Nge2 {[%emt 0:00:02]} Be7 {[%emt 0:00:01]} 5. h3 {[%emt 0:00:05]} exd4 {[%emt 0:00:01]} 6. Nxd4 {[%emt 0:00:02]} O-O {[%emt 0:00:01]} 7. Nde2 {[%emt 0:00:09]} Re8 {[%emt 0:00:04]} 8. g4 {[%emt 0:00:03]} Nbd7 {[%emt 0:00:29]} 9. Bg2 {[%emt 0:00:02]} Nc5 {[%emt 0:00:12]} 10. O-O {[%emt 0:00:04]} Bf8 {[%emt 0:00:03]} 11. Ng3 {[%emt 0:00:02]} g6 {[%emt 0:00:18]} 12. Be3 {[%emt 0:00:06]} Bg7 {[%emt 0:00:17]} 13. Bxc5 {[%emt 0:00:10]} dxc5 {[%emt 0:00:02]} 14. f4 {[%emt 0:00:01]} Qd4+ {[%emt 0:00:07]} 15. Kh1 {[%emt 0:00:01]} Qxd1 {[%emt 0:00:12]} 16. Raxd1 {[%emt 0:00:02]} c6 {[%emt 0:00:14]} 17. e5 {[%emt 0:00:03]} Nd7 {[%emt 0:00:06]} 18. Nce4 {[%emt 0:00:22]} f6 {[%emt 0:00:11]} 19. Nd6 {[%emt 0:00:02]} Re7 {[%emt 0:00:04]} 20. e6 {[%emt 0:00:01]} Nf8 {[%emt 0:00:32]} 21. f5 {[%emt 0:00:03]} Nxe6 {[%emt 0:00:15]} 22. Nxc8 {[%emt 0:00:05]} Rxc8 {[%emt 0:00:03]} 23. fxe6 {[%emt 0:00:01]} Rce8 {[%emt 0:00:07]} 24. Rd7 {[%emt 0:00:17]} Rxe6 {[%emt 0:00:04]} 25. Rxb7 {[%emt 0:00:02]} a5 {[%emt 0:00:11]} 26. a4 {[%emt 0:00:03]} Rd8 {[%emt 0:00:04]} 27. Ne4 {[%emt 0:00:02]} h6 {[%emt 0:00:08]} 28. b3 {[%emt 0:00:10]} Rd4 {[%emt 0:00:03]} 29. Nxc5 {[%emt 0:00:10]} Re2 {[%emt 0:00:01]} 30. Rd7 {[%emt 0:00:01]} Rxd7 {[%emt 0:00:04]} 31. Nxd7 {[%emt 0:00:00]} Rxc2 {[%emt 0:00:02]} 32. Nxf6+ {[%emt 0:00:02]} Kh8 {[%emt 0:00:01]} 33. Ne8 {[%emt 0:00:07]} Rb2 {[%emt 0:00:04]} 34. Nxg7 {[%emt 0:00:02]} Kxg7 {[%emt 0:00:01]} 35. Rf3 {[%emt 0:00:01]} Rb1+ {[%emt 0:00:02]} 36. Kh2 {[%emt 0:00:02]} Rc1 {[%emt 0:00:01]} 37. Rd3 {[%emt 0:00:01]} c5 {[%emt 0:00:02]} 38. Rd7+ {[%emt 0:00:01]} Kf6 {[%emt 0:00:01]} 39. Rd6+ {[%emt 0:00:01]} Kg5 {[%emt 0:00:01]} 40. Kg3 {[%emt 0:00:02]} Rc3+ {[%emt 0:00:03]} 41. Bf3 {[%emt 0:00:01]} h5 {[%emt 0:00:03]} 42. h4+ {[%emt 0:00:01]} Kh6 {[%emt 0:00:01]} 43. g5+ {[%emt 0:00:02]} Kg7 {[%emt 0:00:01]} 44. Rb6 {[%emt 0:00:01]} c4 {[%emt 0:00:01]} 45. bxc4 {[%emt 0:00:01]} Rxc4 {[%emt 0:00:01]} 46. Bc6 {[%emt 0:00:01]} Rg4+ {[%emt 0:00:02]} 47. Kh3 {[%emt 0:00:01]} Rd4 {[%emt 0:00:04]} 48. Ra6 {[%emt 0:00:01]} Rd6 {[%emt 0:00:03]} 49. Bb5 {[%emt 0:00:02]} Rd1 {[%emt 0:00:04]} 50. Ra7+ {[%emt 0:00:01]} Kf8 {[%emt 0:00:02]} 51. Rxa5 {[%emt 0:00:01]} Rd4 {[%emt 0:00:02]} 52. Ra6 {[%emt 0:00:01]} Kg7 {[%emt 0:00:01]} 53. a5 {[%emt 0:00:02]} Rb4 {[%emt 0:00:03]} 54. Rb6 {[%emt 0:00:01]} Rb3+ {[%emt 0:00:02]} 55. Kg2 {[%emt 0:00:01]} Rb4 {[%emt 0:00:01]} 56. a6 {[%emt 0:00:01]} Rb2+ {[%emt 0:00:01]} 57. Kf3 {[%emt 0:00:02]} Ra2 {[%emt 0:00:00]} 58. Rb7+ {[%emt 0:00:02]} Kh8 {[%emt 0:00:01]} 59. a7 {[%emt 0:00:02]} Ra3+ {[%emt 0:00:03]} 60. Ke4 {[%emt 0:00:01]} Ra1 {[%emt 0:00:02]} 61. Rb8+ {[%emt 0:00:03]} Kh7 {[%emt 0:00:02]} 62. a8=Q {[%emt 0:00:01]} Re1+ {[%emt 0:00:01]} 63. Kd4 {[%emt 0:00:02]} Rd1+ {[%emt 0:00:02]} 64. Bd3 {[%emt 0:00:03] Ka ch resigns (Lag: Av=0.73s, max=1.3s)} 1-0

[Event "Silkway Cup"]
[Site "T#646345FIDE"]
[Date "2020.05.28"]
[Round "13"]
[White "Maghala77"]
[Black "GadimbayliA"]
[Result "1-0"]
[WhiteElo "2277"]
[BlackElo "2406"]
[Annotator "NA"]
[PlyCount "51"]
[EventDate "2020.05.28"]
[EventType "swiss (blitz)"]

1. Nf3 {[%emt 0:00:02]} d5 {[%emt 0:00:10]} 2. g3 {[%emt 0:00:02]} Nc6 {[%emt 0:00:01]} 3. d4 {[%emt 0:00:01]} Bg4 {[%emt 0:00:01]} 4. Bg2 {[%emt 0:00:01]} Qd7 {[%emt 0:00:00]} 5. O-O {[%emt 0:00:03]} O-O-O {[%emt 0:00:03]} 6. c4 {[%emt 0:00:01]} dxc4 {[%emt 0:00:01]} 7. Nbd2 {[%emt 0:00:15]} Nxd4 {[%emt 0:00:08]} 8. Nxd4 {[%emt 0:00:19]} Qxd4 {[%emt 0:00:00]} 9. Qa4 {[%emt 0:00:02]} c3 {[%emt 0:00:35]} 10. Qb3 {[%emt 0:00:27]} Qb6 {[%emt 0:00:46]} 11. Qxc3 {[%emt 0:00:08]} e6 {[%emt 0:00:01]} 12. Nc4 {[%emt 0:00:08]} Qb4 {[%emt 0:00:02]} 13. Qc2 {[%emt 0:00:06]} Nf6 {[%emt 0:00:19]} 14. Bd2 {[%emt 0:00:07]} Qb5 {[%emt 0:00:06]} 15. Rfc1 {[%emt 0:00:10]} c6 {[%emt 0:00:44]} 16. a4 {[%emt 0:00:13]} Qf5 {[%emt 0:00:01]} 17. e4 {[%emt 0:00:04]} Qh5 {[%emt 0:00:02]} 18. Na5 {[%emt 0:00:09]} Qc5 {[%emt 0:00:12]} 19. Bc3 {[%emt 0:00:14]} Be7 {[%emt 0:00:10]} 20. b4 {[%emt 0:00:02]} Qb6 {[%emt 0:00:01]} 21. Nc4 {[%emt 0:00:03]} Qc7 {[%emt 0:00:02]} 22. b5 {[%emt 0:00:21]} cxb5 {[%emt 0:00:07]} 23. Be5 {[%emt 0:00:22]} Qc5 {[%emt 0:00:10]} 24. axb5 {[%emt 0:00:08]} Rd7 {[%emt 0:00:01]} 25. Nb6+ {[%emt 0:00:04]} axb6 {[%emt 0:00:01]} 26. Ra8# {[%emt 0:00:02] (Lag: Av=0.50s, max=1.8s)} 1-0